Habemus Bastard
| Auteur principal: | Sylvain Vallée |
|---|---|
| D'autres auteurs: | Jacky Schwartzmann |
| Support: | Livres |
| Langue: | Francais |
| Publié: |
DL 2024 Dargaud éditeur Paris |
| Series: |
Habemus Bastard |
| Genre: |
Bandes déssinées ADULTE |
| Sujets: | |
| Étiquettes: |
Ajouter
Pas de Tags !
|
| LEADER | 00642nam0a2200205 450 | ||
|---|---|---|---|
| 001 | 16845280 | ||
| 010 | |a 978-2-205-08994-3 |b br. |d 19,99 | ||
| 100 | |a 20240724d2026 u u0frey01 ba | ||
| 101 | 0 | |a fre | |
| 102 | |a FR | ||
| 200 | 0 | |a Habemus Bastard | |
| 207 | 1 | |a | |
| 210 | |a Paris |c Dargaud éditeur |d DL 2024 | ||
| 215 | |a 1 vol. (81 p.) |d 30 cm | ||
| 461 | 0 | |t Habemus Bastard |v 1 | |
| 700 | 0 | |a Vallée |b Sylvain |f 1972-.... |4 70 | |
| 702 | 0 | |a Schwartzmann |b Jacky |f 1972-.... |4 70 | |
| 900 | |a Bandes déssinées ADULTE | ||
| 901 | |a Accessible au prêt | ||
| 995 | |a Bibliothèque |c Bibliothèque |f 024024823 |h 024024823 |k BDA VAL |o p |q a |r az |e Bibliothèque | ||
